The "Queen" Quiz - Statistics

General Stats
  • This quiz has been taken 23 times
  • The average score is 17 of 23
Answer Stats
Hint Answer % Correct
The Name Of The Lead Singer Of The Band Freddie Mercury
95%
1973 Queen
95%
The Year That He Died 1991
90%
1975 A Night At The Opera
90%
1974 Queen II
90%
1974 Sheer Heart Attack
90%
Their Song That Became A Sport Anthem We Are The Champions
90%
1976 A Day At The Races
85%
1991 Innuendo
85%
1995 Made In Heaven
85%
The Biopic Made On The Band Bohemian Rhapsody
80%
The Cause Of His Death HIV
80%
1978 Jazz
80%
1977 News Of The World
80%
1986 A Kind Of Magic
70%
1980 The Game
70%
1984 The Works
70%
1982 Hot Space
65%
1989 The Miracle
65%
1980 Flash Gordon
60%
1980 Another One Bites The Dust
45%
1979 Crazy Little Thing Called Love
20%
2008 The Cosmos Rocks
20%
No matching quizzes found
Score Distribution
Percent of People with Each Score
Percentile by Number Answered
Your Score History
You have not taken this quiz